Central Library OPAC University of Rajshahi

The household doctor / (Record no. 68858)

MARC details
000 -LEADER
fixed length control field 00636nam a2200217 a 4500
001 - CONTROL NUMBER
control field 68858
003 - CONTROL NUMBER IDENTIFIER
rucl marc code BD-RjUL
005 - DATE AND TIME OF LATEST TRANSACTION
control field 20211209081822.0
008 - FIXED-LENGTH DATA ELEMENTS--GENERAL INFORMATION
fixed length control field 170406r19581938enka 001 0 eng d
035 ## - SYSTEM CONTROL NUMBER
System control number (BD-RjUL)69069
040 ## - CATALOGING SOURCE
Original cataloging agency NLRL
Language of cataloging eng
Transcribing agency NLRL
Modifying agency BD-RjUL
041 ## - LANGUAGE CODE
Language code of text/sound track or separate title eng
082 04 - DEWEY DECIMAL CLASSIFICATION NUMBER
Classification number 610
Edition number 23
Author mark and year HUH 1955
100 1# - MAIN ENTRY--PERSONAL NAME
Personal name Hutton, S. King.
9 (RLIN) 204043
245 14 - TITLE STATEMENT
Title The household doctor /
Statement of responsibility, etc. by S. King Hutton.
260 ## - PUBLICATION, DISTRIBUTION, ETC. (IMPRINT)
Place of publication, distribution, etc. London :
Name of publisher, distributor, etc. English Universities Press,
Date of publication, distribution, etc. 1938, [impression 1955]
300 ## - PHYSICAL DESCRIPTION
Pagination 224 p. :
Illustrations ill. ;
Size 18 cm.
500 ## - GENERAL NOTE
General note Includes index.
650 #0 - SUBJECT ADDED ENTRY--TOPICAL TERM
Topical term or geographic name as entry element Medicine
General subdivision Handbooks, manuals, etc.
9 (RLIN) 204044
942 ## - ADDED ENTRY ELEMENTS (KOHA)
Source of classification or shelving scheme Dewey Decimal Classification
Koha item type Books
Holdings
Lost status Source of classification or shelving scheme Damaged status Not for loan Collection code Permanent Location Current Location Shelving location Date acquired Source of acquisition Cost, normal purchase price Total Checkouts Full call number Date last seen Copy number Koha item type
  Dewey Decimal Classification   Not For Loan Non-fiction Central Library, University of Rajshahi Central Library, University of Rajshahi Reading Room 30/07/1957 N/A 4.14   610 HUH 1955 06/04/2017 C-1 Books